| 000 | 00000nam 2200000za 4500 |
| 001 | 9.572885 |
| 003 | CaOODSP |
| 005 | 20210624183432 |
| 007 | cr ||||||||||| |
| 008 | 150406s1998 xxc|||||o f|0| 0 eng d |
| 040 | |aCaOODSP|beng |
| 043 | |an-cn--- |
| 086 | 1 |aSC94-61/22-1998E-PDF |
| 245 | 04|aThe satisfaction of ministers with the performance of their deputy ministers during the Mulroney governments, 1984-1993 |h[electronic resource] / |c[by] Jacques Bourgault. |
| 260 | |aOttawa : |bCanadian Centre for Management Development, |cc1998. |
| 300 | |a69 p. : |btables. |
| 490 | 1 |aResearch paper ; |vNo. 22 |
| 500 | |aThe catalogue number (SC94-61/22-1998) and ISBN (0-662-63582-5) for the bilingual print edition have been incorrectly copied in this electronic publication. |
| 504 | |aBibliography. |
| 590 | |a12-09-Supp|b2012-03-21 |
| 690 | 07|aPublic service|2gcpds |
| 710 | 1 |aCanada.|bCanadian Centre for Management Development. |
| 720 | 1 |aBourgault, Jacques |
| 775 | 08|tLa satisfaction des ministres des gouvernements Mulroney face à leurs sous-ministres, 1984-1993 / |w(CaOODSP)9.603132 |
| 830 | #0|aResearch paper (Canadian Centre for Management Development)|vNo. 22|w(CaOODSP)9.504493 |
| 856 | 40|ahttp://publications.gc.ca|qPDF|s159 KB|uhttps://publications.gc.ca/collections/Collection/SC94-61-22-1998E.pdf|yNo. 22 |